| 000 | 00827cab a2200241 4500 | ||
|---|---|---|---|
| 001 | ABS49859 | ||
| 008 | 090401t1993 xxu||||| |||| 00| 0 eng d | ||
| 035 | _a(Sirsi) u73060 | ||
| 041 | _aeng | ||
| 100 | _aCollar, N. | ||
| 245 | _aDevelopment control: publicity without pain | ||
| 260 | _c1993 | ||
| 350 | _a0 | ||
| 490 |
_aPlanning (for the Natural and Built Environment) _v(1048) 10 December 1993, 24(1) |
||
| 520 | _aCites Scottish experience in neighbour notification as a method of publicising planning applications. Provides guidelines for determining which neighbours need to be consulted. | ||
| 650 | _aCIRCULAR 15/92 | ||
| 650 | _aDEVELOPMENT CONTROL | ||
| 650 | _aNEIGHBOUR NOTIFICATION | ||
| 650 | _aPLANNING APPLICATIONS | ||
| 690 | _aPLANNING LAW AND PRACTICE | ||
| 942 | _n0 | ||
| 948 | _c04/03/1997 | ||
| 999 |
_c46199 _d46199 |
||